Т. 11: Кенилворт; Собрание сочинений

書誌詳細
Parent link:Собрание сочинений: в 20 т./ В. Скотт; худож. Б. В. Воронецкий ; под ред. Б. Г. Реизова др. ; пер. И. А. Лихачев. Т. 11: Кенилворт.— , 1960-
言語:ロシア語
出版事項: 1960
主題:
フォーマット: 図書
KOHA link:https://koha.lib.tpu.ru/cgi-bin/koha/opac-detail.pl?biblionumber=169700

MARC

LEADER 00000nam2a2200000 4500
001 169700
005 20231031163517.0
035 |a (RuTPU)RU\TPU\book\184064 
035 |a RU\TPU\book\184049 
090 |a 169700 
100 |a 20091117d1960 m y0rusy50 ca 
101 1 |a rus  |c eng 
102 |a RU 
105 |a a z 001ay 
200 0 |a Т. 11: Кенилворт 
210 |d 1960 
215 |a 602 с.  |c ил. 
320 |a Комментарии: с. 567-600 
461 1 |0 (RuTPU)RU\TPU\book\183956  |t Собрание сочинений  |o в 20 т.  |o пер. с англ.  |f В. Скотт  |g худож. Б. В. Воронецкий ; под ред. Б. Г. Реизова др. ; пер. И. А. Лихачев  |v Т. 11: Кенилворт  |d 1960- 
610 1 |a Шотландия 
610 1 |a 18 век 
610 1 |a английская литература 
675 |a 82  |v 3 
801 1 |a RU  |b 63413507  |c 20090624  |g PSBO 
801 2 |a RU  |b 63413507  |c 20170515  |g PSBO 
942 |c BK